Rozpoznaj gwiazdę WWE po jej ostatnim tytule. - Statystyki

Ogólne statystyki
  • Ten quiz został rozwiązany 221 razy
  • Średni wynik to 5 z 15
Statystyki odpowiedzi
Pas mistrzowski oraz gala na której dana osoba go straciła Odpowiedź % Poprawnych
WWE Universal Championship, Vacat Roman Reigns
80%
WWE Intercontinental Championship, Wrestlemania 35 Bobby Lashley
54%
WWE Intecontinental Championship, Wrestlemania 34 The Miz
47%
WWE Championship, Wrestlemania 35 Daniel Bryan
46%
WWE Raw Womens Championship, Money In The Bank 2018 Nia Jax
41%
WWE United States Championship, Stomping Grounds Samoa Joe
33%
WWE United States Championship, Royal Rumble 19` Rusev
30%
WWE Intercontinental Championship, Extreme Rules 2019 Finn Balor
29%
WWE SmackDown Womens Championship, SummerSlam 2017 Naomi
27%
NXT Cruiserweight Championship, Super-Show Down Cedric Alexander
25%
NXT Championship, NXT Takeover XXV Johnny Gargano
25%
NXT North American Championship, NXT 18 Września 2019 Velveteen Dream
20%
NXT Womens Championship, NXT TakeOver New Orleans Ember Moon
15%
WWE United States Championship, Extreme Rules 2019 Ricochet
15%
WWE Intercontinental Championship, Extreme Rules 2014 Big E
5%
Nie znaleziono quizów pasujących do podanych kryteriów
Rozkład punktacji
Procent ludzi z każdym wynikiem
Percentyl według liczby udzielonych odpowiedzi
Twoja historia wyników
Nie rozwiązałeś tego quizu